000 00611nam a2200205Ii 4500
001 16572
003 CO-ViMGA
008 241108s9999||||xx |||||||||||||| ||und||
040 _aCO-ViMGA
_bspa
_erda
_cCO-ViMGA
041 0 _aspa
082 0 4 _a891.733 C32d
100 1 _aAnton Pavlovich Chejov
_944871
245 1 0 _aLa dama del perrito
264 1 _aBogotá, Colombia : Instituto Distrital de Cultura y Turismo, 2012
300 _avolumen
336 _atext
_btxt
_2rdacontent
337 _aunmediated
_bn
_2rdamedia
338 _avolume
_bnc
_2rdacarrier
940 _aidficha_siabuc: 16241. -- ficha_no_siabuc:16572
999 _c39346
_d39346